000 01015nam a2200253Ia 4500
003 OSt
005 20220923211258.0
006 a|||||r|||| 00| 0
007 ta
008 220922b |||||||| |||| 00| 0 hin d
020 _a9788179171073 (hbk)
_c275
024 _a245,199
037 _b367, 11/02/2011, Swaraj Prakashan
_cTextual
040 _aARTS
_cARTS
_bhin
041 _2hin
_ahin
082 _aY:g, 152P8
100 _aगिडेन्स, एंथनी; राजिमवाले, अनिल, अनु.
_9160136
245 0 _aसमाजशास्त्र का आलोचनात्मक परिचय
246 _aSamājashāstra kā ālochanātmak parichaya
260 _aदिल्ली
_b ग्रंथ शिल्पी
_c2008
300 _a149पृ.
_ccm.
942 _hY:g, 152P8
_cTEXL
_2CC
999 _c298085
_d298085